banner-ar

الصحافيون التليفزيونيون الاخباريون : (Record no. 60743)

MARC details
000 -الفاتح
حقل البيانات ثابتة الطول 01105nam a22002777a 4500
005 - وقت وتاريخ اخر تعامل مع التسجيلة
رقم الضبط 20240530110425.0
008 - عناصر البيانات ثابتة الطول - معلومات عامة
حقل البيانات ثابتة الطول 150128s2011 ua d g b 000 0 ara d
017 ## - رقم الايداع القانونى
رقم الايداع القانونى 2010/22418
020 ## - الرقم الدولى المعيارى للكتب
الرقم الدولى المعيارى للكتاب 9789774381963
040 ## - مصدر الفهرسة
وكالة الفهرسة الأصلية EG-CaGPL
041 0# - رمز اللغة
رمز لغة النص/ المسارات الصوتية أو العنوان الانفرادي ara
082 04 - رقم تصنيف ديوى العشرى
رقم الطبعة 21
رقم التصنيف 070.195\
رقم المادة هـ ص
100 0# - المدخل الرئيسى - إسم شخصى
الإسم الشخصى هالة اسماعيل بغدادى
245 12 - بيان العنوان
العنوان الصحافيون التليفزيونيون الاخباريون :
بقية العنوان القواعد و القيود : دراسة ميدانية مقارنة /
بيان المسئوليه,etc هالة اسماعيل بغدادى
260 ## - PUBLICATION, DISTRIBUTION, ETC. (IMPRINT)
تاريخ النشر أو التوزيع 2011
300 ## - الوصف المادى
التعداد 239 ص :
تفاصيل ماديه اخرى للوعاء جداول ؛
أبعاد الوعاء 24 سم
504 ## - تبصرة ببليوجرافية
تبصرة ببليوجرافية,الخ ببليوجرافية : ص 221 - 239
650 04 - المدخل الاضافى بالموضوع-مصطلح موضوعى
مصطلح موضوعي الصحافة
650 04 - المدخل الاضافى بالموضوع-مصطلح موضوعى
مصطلح موضوعي قناة النيل الاخبارية
650 04 - المدخل الاضافى بالموضوع-مصطلح موضوعى
مصطلح موضوعي قناة الجزيرة الاخبارية
650 04 - المدخل الاضافى بالموضوع-مصطلح موضوعى
مصطلح موضوعي الاعلام
التقسيم الفرعي العام قوانين وتشريعات
650 04 - المدخل الاضافى بالموضوع-مصطلح موضوعى
مصطلح موضوعي البث الفضائى
650 04 - المدخل الاضافى بالموضوع-مصطلح موضوعى
مصطلح موضوعي الصحافة التليفزيونية
942 ## - عناصر المدخل الإضافي( كوها)
مصدر التصنيف او مخطط الترفيف Dewey Decimal Classification
Koha [default] item type كتاب
260 ## - PUBLICATION, DISTRIBUTION, ETC. (IMPRINT)
-- الاسكندرية :
-- المكتب الجامعى الحديث ،
Holdings
حالة التراجع حالة الفقد حالة تلف ليس للاعارة المكان المؤقت الموقع الحالى تاريخ الاكتساب اجمالي اﻻعارات رقم الطلب الباركود تاريخ اخر مشاهدة تاريخ تفعيل السعر نوع وعاء كوها
        مكتبة القاهرة الكبرى مكتبة القاهرة الكبرى 03/23/2015   070.195\ هـ ص 159853 03/23/2015 03/23/2015 كتاب

Powered By

EGPV